000 003650000a22001330004500
003 MACL
040 _aMACL
090 _c39307
_d39305
100 _aMorley, Henry
245 _aCelts and Anglo Saxons
_bAn Introductory Sketch of the Four Periods of English Literature
260 _bChapman & Hall's Ltd
_c1867
650 _aEnglish Literature
942 _cBOOK
_k820/MOR
999 _c38879
_d38879